| 000 | 02933cam a2200457 i 4500 | ||
|---|---|---|---|
| 999 |
_c8206 _d8206 |
||
| 001 | 19952116 | ||
| 003 | OSt | ||
| 005 | 20190923115457.0 | ||
| 008 | 170606s2017 ii b 001 0 eng d | ||
| 010 | _a 2017329056 | ||
| 020 | _a9789351482130 | ||
| 020 | _a9351482138 | ||
| 025 | _aI-E-2017329056; 05; 13-91 | ||
| 035 | _a(OCoLC)ocn989069650 | ||
| 035 | _a(OCoLC)989069650 | ||
| 037 | _bLibrary of Congress -- New Delhi Overseas Office | ||
| 040 |
_aVUT _beng _erda _cVUT _dOCLCF _dDKAGE _dOCLCQ _dDLC |
||
| 042 |
_alccopycat _alcode |
||
| 043 | _aa-ii--- | ||
| 050 | 0 | 0 |
_aBL2015.R44 _bC66 2016 |
| 082 | 0 | 4 |
_a200.954 _223 _bSE469R |
| 111 | 2 |
_aConference in Implicit Religion and Secular Spirituality in India _d(2016 : _cHyderabad, India), _jauthor. |
|
| 245 | 1 | 0 |
_aReligion, spirituality & secularity in multi-religious India : _bvisions & experiments / _ceditor, Israel Selvanayagam. |
| 246 | 3 | 0 | _aReligion, spirituality and secularity in multi-religious India |
| 264 | 1 |
_aPune, India : _bAssociation of Theological Teachers in India (ATTI) ; _aNew Delhi, India : _bChristian World Imprints, _c2017. |
|
| 264 | 4 | _c©2017 | |
| 300 |
_axv, 171 pages ; _c25 cm |
||
| 336 |
_atext _btxt _2rdacontent |
||
| 337 |
_aunmediated _bn _2rdamedia |
||
| 338 |
_avolume _bnc _2rdacarrier |
||
| 504 | _aIncludes bibliographical references and index. | ||
| 505 | 0 | 0 |
_tIs implicit religion and secular spirituality only a Western concept and experience?: a keynote presentation / _rEdward Bailey -- _tDefining religion in 'Hindu' India: a review of major attempts / _rIsrael Selvanayagam -- _tNorth east Indian secular spirituality?: an exploration towards sacred-secular spirituality / _rSongram Basumatary -- _tReligion and secular spirituality in India: an Islamic perspective / _rMohd Fahim Akhtar -- _tIslamic spirituality in secular India: some modern thinkers / _rM.M. Abraham -- _tSecular spirituality from an Ao Naga tribal woman perspective / _rAsangla Lemtur -- _tReligion and secular spirituality in tribal traditions of NEI: a feminist perspective / _rT. Vanlaltlani -- _tSecular spirituality of people's movements in the context of religious pluralism: a feminist perspective / _rGabriele Dietrich -- _tUnderstanding religion and spirituality in current debates on secularism in India / _rDensingh Oliver -- _tFreedom of religion in secular India: from a legal perspective / _rFaizan Mustafa -- _tHuman sex, sacred or profane?: Hindu-Christian perceptions / _rIsrael Selvanayagam -- _tEnvironmental spirituality / _rW.S. Annie. |
| 650 | 0 |
_aReligious pluralism _zIndia _vCongresses. |
|
| 650 | 0 |
_aImplicit religion _zIndia _vCongresses. |
|
| 650 | 0 |
_aSpirituality _zIndia _vCongresses. |
|
| 650 | 0 |
_aSecularism _zIndia _vCongresses. |
|
| 700 | 1 |
_aCelvanāyakam, Israyēl, _eeditor. |
|
| 906 |
_a7 _bcbc _ccopycat _d3 _encip _f20 _gy-gencatlg |
||
| 942 |
_2ddc _cBK |
||